[Event "26th Abu Dhabi Masters"]
[Site "Abu Dhabi UAE"]
[Date "2019.08.05"]
[Round "5.62"]
[White "Gomes, Mary Ann"]
[Black "Tarini, Goyal"]
[Result "1/2-1/2"]
[WhiteTitle "WGM"]
[BlackTitle "WFM"]
[WhiteElo "2286"]
[BlackElo "2038"]
[WhiteFideId "5013623"]
[BlackFideId "5082749"]
[EventDate "2019.08.02"]

1. c4 e6 2. Nf3 d5 3. d4 Nf6 4. Nc3 a6 5. cxd5 exd5 6. Bg5 Be7 7. e3 O-O 8. Bd3
c6 9. Qc2 Nbd7 10. O-O Re8 11. Ne5 Nf8 12. f4 Ng4 13. Bxe7 Qxe7 14. Rae1 f6 15.
Nxg4 Bxg4 16. f5 Bh5 17. Na4 Nd7 18. a3 Qd6 19. Nc5 Nxc5 20. Qxc5 Qxc5 21. dxc5
Re5 22. Rf4 Rae8 23. Kf2 R8e7 24. g4 Be8 25. Re2 Kf8 26. Kf3 Bf7 27. h4 h6 28.
Rd4 Ke8 29. Kf2 Kd8 30. Re1 Kc7 31. b4 Be8 32. Rf4 Kc8 33. Rf3 Bd7 34. Rg1 Be8
35. g5 hxg5 36. hxg5 fxg5 37. Rxg5 g6 38. Rgg3 gxf5 39. Bxf5+ Kc7 40. Rg8 Rf7
41. Bg4 Rxf3+ 42. Kxf3 Re7 43. Rf8 Rf7+ 44. Rxf7+ Bxf7 45. Kf4 Bg6 46. Bd1 Bd3
47. Ke5 Bf1 48. a4 Bd3 49. Kd4 Bf1 50. Bg4 Kb8 51. Bf5 Be2 52. Bc2 Kc7 53. Kc3
Kd7 54. Kd2 Bc4 55. Bd1 Kc7 56. Kc3 Bf1 57. Bg4 Kb8 58. Bf5 Be2 59. Kd2 Bc4 60.
Be6 Bf1 61. Bf5 Bc4 62. Bd3 Bb3 63. Bc2 Bc4 64. Kc3 Be2 65. Kd2 1/2-1/2

[Event "26th Abu Dhabi Masters"]
[Site "Abu Dhabi UAE"]
[Date "2019.08.05"]
[Round "5.63"]
[White "Al Hosani, Omran"]
[Black "Mithil, Ajgaonkar"]
[Result "1-0"]
[WhiteTitle "FM"]
[BlackTitle "FM"]
[WhiteElo "2176"]
[BlackElo "2314"]
[WhiteFideId "9308733"]
[BlackFideId "5017343"]
[EventDate "2019.08.02"]

1. Nf3 d5 2. g3 Nf6 3. Bg2 c6 4. O-O Bf5 5. d4 e6 6. c4 h6 7. Nc3 Nbd7 8. Qb3
Qb6 9. c5 Qc7 10. Bf4 Qc8 11. Qd1 Be7 12. b4 O-O 13. a4 Rd8 14. Qb3 Ne4 15. Rfc1
Bf6 16. Ne5 g5 17. Nxd7 Bxd4 18. Be5 Bxf2+ 19. Kh1 Rxd7 20. Nxe4 dxe4 21. Rd1
Rd5 22. Qc3 Qd8 23. Rxd5 cxd5 24. e3 d4 25. Bxd4 e5 26. Bxe5 Qd3 27. Rf1 Rd8 28.
Rxf2 Qb1+ 29. Rf1 Rd1 30. Qc4 Re1 31. Rxe1 Qxe1+ 32. Qf1 1-0

[Event "26th Abu Dhabi Masters"]
[Site "Abu Dhabi UAE"]
[Date "2019.08.05"]
[Round "5.66"]
[White "Sharma, Isha"]
[Black "Paramzina, Anastasya"]
[Result "1/2-1/2"]
[WhiteTitle "WCM"]
[BlackTitle "WGM"]
[WhiteElo "2078"]
[BlackElo "2245"]
[WhiteFideId "35006665"]
[BlackFideId "4165012"]
[EventDate "2019.08.02"]

1. e4 c5 2. Nf3 e6 3. g3 Nc6 4. Bg2 Nf6 5. Qe2 d5 6. exd5 Nxd5 7. O-O Be7 8. Rd1
Qb6 9. Nc3 Nxc3 10. dxc3 O-O 11. Nd2 f6 12. Nc4 Qc7 13. a4 Kh8 14. a5 Rb8 15.
Be4 b5 16. axb6 axb6 17. Qh5 f5 18. Bxc6 Qxc6 19. Ne5 Qe8 20. Qxe8 Rxe8 21. Bf4
Rb7 22. Nc6 Kg8 23. Ra8 Kf8 24. Nxe7 Kxe7 25. Be5 Kf7 26. f3 Bd7 27. Rxe8 Bxe8 1/2-1/2

[Event "26th Abu Dhabi Masters"]
[Site "Abu Dhabi UAE"]
[Date "2019.08.05"]
[Round "5.68"]
[White "Ayyad, Husain"]
[Black "Mrudul, Dehankar"]
[Result "1-0"]
[WhiteTitle "FM"]
[BlackTitle "WCM"]
[WhiteElo "2231"]
[BlackElo "2188"]
[WhiteFideId "11200243"]
[BlackFideId "25096990"]
[EventDate "2019.08.02"]

1. e4 d5 2. exd5 Nf6 3. d4 Bg4 4. Be2 Bxe2 5. Qxe2 Qxd5 6. Nf3 e6 7. O-O Nc6 8.
Rd1 O-O-O 9. c4 Qh5 10. Bf4 Rg8 11. Nc3 g5 12. Bg3 g4 13. Ne5 Nxd4 14. Qe3 Bc5
15. Qf4 Qf5 16. Nxf7 Qxf4 17. Bxf4 Rdf8 18. Ne5 Nf5 19. Nd3 Bd6 20. Re1 Re8 21.
c5 Bxf4 22. Nxf4 Nd4 23. Rad1 e5 24. Nfd5 Nxd5 25. Nxd5 Rgf8 26. Re4 h5 27. Rde1
Nc6 28. Ne3 Rd8 29. Nc4 Rd5 30. Nxe5 Re8 31. f4 gxf3 32. Nxf3 Rxe4 33. Rxe4 Rxc5
34. Kf2 Kd7 35. Re2 Ne7 36. h3 Ng6 37. g4 hxg4 38. hxg4 a5 39. Kg3 b5 40. Rd2+
Ke7 41. Nd4 Kf6 42. Rf2+ Ke5 43. Nb3 Rc4 44. Nxa5 Ra4 45. Nc6+ Ke6 46. b3 Re4
47. Re2 Rxe2 48. Nd4+ Ke5 49. Nxe2 c5 50. Kf3 Kd5 51. Nc3+ Kc6 52. Ke4 b4 53.
Nd5 Kd6 54. Nf4 Ne7 55. g5 Ng8 56. Kf5 Ne7+ 57. Kf6 Ng8+ 58. Kf7 Ne7 59. Nd3 Nf5
60. g6 Kd5 61. g7 Kd4 62. Nb2 Kc3 63. Na4+ Kd4 64. Nb6 Kc3 65. Nc4 Nxg7 66. Kxg7
Kc2 67. Kf6 Kb1 68. Ke5 Kxa2 69. Na5 c4 70. bxc4 Ka3 71. c5 Ka4 72. Nc4 Kb5 73.
Kd5 b3 74. c6 1-0

[Event "26th Abu Dhabi Masters"]
[Site "Abu Dhabi UAE"]
[Date "2019.08.07"]
[Round "6.1"]
[White "Jobava, Baadur"]
[Black "Maghsoodloo, Parham"]
[Result "1-0"]
[WhiteTitle "GM"]
[BlackTitle "GM"]
[WhiteElo "2584"]
[BlackElo "2656"]
[WhiteFideId "13601520"]
[BlackFideId "12539929"]
[EventDate "2019.08.02"]

1. e4 c5 2. Nc3 Nc6 3. Nge2 Nf6 4. d4 cxd4 5. Nxd4 d6 6. Bg5 e6 7. Qd2 a6 8.
O-O-O Bd7 9. Nxc6 Bxc6 10. f3 b5 11. Kb1 Be7 12. h4 h6 13. Be3 h5 14. Ne2 Qc7
15. Nd4 Bd7 16. Rc1 e5 17. Nb3 a5 18. c4 a4 19. cxb5 Qd8 20. Na1 d5 21. Nc2 dxe4
22. Nb4 Bf5 23. Qxd8+ Rxd8 24. Nc6 exf3+ 25. Ka1 Nd5 26. Bf2 e4 27. Nxd8 e3 28.
b6 Kxd8 29. Bg3 e2 30. gxf3 exf1=Q 31. Rhxf1 Nxb6 32. Bc7+ Ke8 33. Bxb6 Bxh4 34.
Rc4 Bd8 35. Bxd8 Kxd8 36. Rxa4 Ke7 37. Rd4 g5 38. b4 h4 39. b5 h3 40. a4 Bc8 41.
a5 h2 42. Re1+ Kf6 43. Rd6+ Kf5 44. Rh1 Kf4 45. Rd2 Kg3 46. a6 f5 47. Rc2 Be6
48. Rhxh2 Rxh2 49. Rxh2 Kxh2 50. b6 1-0

[Event "26th Abu Dhabi Masters"]
[Site "Abu Dhabi UAE"]
[Date "2019.08.07"]
[Round "6.2"]
[White "Ni, Hua"]
[Black "Tabatabaei, M.amin"]
[Result "1-0"]
[WhiteTitle "GM"]
[BlackTitle "GM"]
[WhiteElo "2668"]
[BlackElo "2601"]
[WhiteFideId "8601160"]
[BlackFideId "12521213"]
[EventDate "2019.08.02"]

1. d4 Nf6 2. c4 e6 3. g3 d5 4. Bg2 Be7 5. Nf3 O-O 6. Nc3 dxc4 7. Ne5 c5 8. dxc5
Qxd1+ 9. Nxd1 Bxc5 10. O-O Nc6 11. Bxc6 bxc6 12. Be3 Bxe3 13. Nxe3 c3 14. bxc3
Nd5 15. c4 Nxe3 16. fxe3 Ba6 17. Rac1 c5 18. Rfd1 Rfd8 19. Rd3 Rac8 20. Rcc3 f6
21. Ra3 Rxd3 22. exd3 fxe5 23. Rxa6 Rd8 24. Rxe6 Rxd3 25. Rxe5 Rd1+ 26. Kg2 Rd2+
27. Kh3 Rxa2 28. Rxc5 a5 29. Kg4 a4 30. Ra5 Rxh2 31. Rxa4 h5+ 32. Kf5 Kh7 33. e4
Rf2+ 34. Ke6 Rc2 35. e5 Rc3 36. Kd6 Rd3+ 37. Ke7 Rxg3 38. c5 Rc3 39. Kd6 Kg6 40.
c6 Rd3+ 41. Kc5 Rd8 42. c7 Rc8 43. Kd6 Kf5 44. Rc4 h4 45. Rxh4 g5 46. Rh1 1-0

[Event "26th Abu Dhabi Masters"]
[Site "Abu Dhabi UAE"]
[Date "2019.08.07"]
[Round "6.3"]
[White "Karthikeyan, Murali"]
[Black "Volokitin, Andrei"]
[Result "1-0"]
[WhiteTitle "GM"]
[BlackTitle "GM"]
[WhiteElo "2612"]
[BlackElo "2636"]
[WhiteFideId "5074452"]
[BlackFideId "14107090"]
[EventDate "2019.08.02"]

1. e4 c5 2. Nf3 d6 3. d4 cxd4 4. Nxd4 Nf6 5. Nc3 a6 6. Be2 e5 7. Nf3 Be7 8. Bg5
Nbd7 9. a4 h6 10. Be3 Ng4 11. Bc1 Ngf6 12. O-O Nc5 13. Nd2 Be6 14. b3 O-O 15.
Bb2 Qc7 16. Bf3 Rad8 17. Re1 Rfe8 18. Nf1 d5 19. exd5 e4 20. Nxe4 Ncxe4 21. Bxe4
Nxe4 22. Rxe4 Bxd5 23. Qg4 Bg5 24. Rxe8+ Rxe8 25. Qd4 Bf6 26. Qxd5 Bxb2 27. Rd1
Qxc2 28. Rd2 Qb1 29. Qxb7 a5 30. Qb5 Re1 31. Rd8+ Kh7 32. Rd7 f5 33. g3 f4 34.
Qd3+ Qxd3 35. Rxd3 g5 36. gxf4 gxf4 37. Kg2 Ba3 38. Rd4 f3+ 39. Kg1 Re7 40. Rf4
Rg7+ 41. Ng3 Rc7 42. Rxf3 Kg6 43. Kg2 Rc2 44. h4 Bc5 45. h5+ Kg5 46. Kh3 1-0

[Event "26th Abu Dhabi Masters"]
[Site "Abu Dhabi UAE"]
[Date "2019.08.07"]
[Round "6.4"]
[White "Socko, Bartosz"]
[Black "Petrosyan, Manuel"]
[Result "1-0"]
[WhiteTitle "GM"]
[BlackTitle "GM"]
[WhiteElo "2625"]
[BlackElo "2592"]
[WhiteFideId "1107038"]
[BlackFideId "13300857"]
[EventDate "2019.08.02"]

1. e4 e5 2. Nf3 Nc6 3. d4 exd4 4. Nxd4 Nf6 5. Nxc6 bxc6 6. Qe2 d6 7. Nc3 Be7 8.
Be3 O-O 9. O-O-O Be6 10. h3 Qb8 11. f4 Qb4 12. a3 Qb7 13. Qa6 Qxa6 14. Bxa6 Bc8
15. Be2 Nd7 16. Bf3 Bb7 17. Rhe1 Rfe8 18. g4 h6 19. e5 Bh4 20. Re2 d5 21. b4 a6
22. Na4 a5 23. Nc5 Nxc5 24. bxc5 Ba6 25. Rg2 g5 26. Be2 Bxe2 27. Rxe2 Rab8 28.
Kd2 Rb5 29. fxg5 hxg5 30. Bd4 Bg3 31. Rf1 Re6 32. Kd3 Rb8 33. Rf5 Rg6 34. Bf2
Bf4 35. Be3 Rh6 36. Bxf4 gxf4 37. Rh2 Rb1 38. Rxf4 Ra1 39. Ra4 Re1 40. Rxa5 Rxe5
41. Ra7 Re7 42. Kd2 Rhe6 43. Rb7 Re4 44. Rb4 Re3 45. Rb3 d4 46. Rf2 R7e5 47. Rf5
Rxf5 48. gxf5 Re5 49. Rb4 Rxc5 50. Rxd4 Rxf5 51. a4 Ra5 52. Kc3 c5 53. Rg4+ Kh7
54. Kb3 f5 55. Rg5 f4 56. Ka3 Ra6 57. Rf5 Rh6 58. Rxf4 Rxh3+ 59. Kb2 Kg6 60. a5
c6 61. a6 Rh8 62. Kb3 Rb8+ 63. Kc3 Rh8 64. a7 Rh3+ 65. Kb2 Rh8 66. Ra4 Ra8 67.
Kc3 1-0

[Event "26th Abu Dhabi Masters"]
[Site "Abu Dhabi UAE"]
[Date "2019.08.07"]
[Round "6.8"]
[White "Aryan, Chopra"]
[Black "Onischuk, Vladimir"]
[Result "1-0"]
[WhiteTitle "GM"]
[BlackTitle "GM"]
[WhiteElo "2553"]
[BlackElo "2640"]
[WhiteFideId "5084423"]
[BlackFideId "14114038"]
[EventDate "2019.08.02"]

1. e4 d6 2. d4 g6 3. Nc3 Bg7 4. f4 a6 5. Nf3 b5 6. Bd3 Bb7 7. e5 e6 8. a4 b4 9.
Ne4 Ne7 10. O-O Nbc6 11. c3 a5 12. Qe2 O-O 13. g4 bxc3 14. bxc3 Nd5 15. Bd2 Rb8
16. h4 Bc8 17. g5 Rb2 18. Qe1 Nce7 19. Bc1 Rb6 20. Nf6+ Bxf6 21. gxf6 Nf5 22. h5
Nxf6 23. exf6 Qxf6 24. Ra2 Bb7 25. Rh2 Kg7 26. Ng5 h6 27. Ne4 Qe7 28. hxg6 fxg6
29. Rff2 Bc6 30. Re2 Rg8 31. Ng3 Kf7 32. Bxf5 gxf5 33. Rxh6 Rg7 34. Rexe6 Qd7
35. Kh2 Bd5 36. Rhf6+ Kg8 37. Re8+ Kh7 38. Nxf5 1-0

[Event "26th Abu Dhabi Masters"]
[Site "Abu Dhabi UAE"]
[Date "2019.08.07"]
[Round "6.18"]
[White "Muradli, Mahammad"]
[Black "Kryvoruchko, Yuriy"]
[Result "0-1"]
[WhiteTitle "IM"]
[BlackTitle "GM"]
[WhiteElo "2454"]
[BlackElo "2686"]
[WhiteFideId "13409301"]
[BlackFideId "14109182"]
[EventDate "2019.08.02"]

1. Nf3 d5 2. d4 Nf6 3. c4 e6 4. Nc3 Be7 5. Bf4 O-O 6. e3 b6 7. Bd3 dxc4 8. Bxc4
Nd5 9. O-O Nxc3 10. bxc3 Bb7 11. Bd3 c5 12. Qc2 g6 13. Bh6 Re8 14. Ne5 Nc6 15.
Bb5 Qc7 16. Bf4 Bd6 17. Bg3 Rec8 18. Ng4 Kg7 19. Qb2 h5 20. Bxd6 Qxd6 21. dxc5
Qxc5 22. c4+ e5 23. Bxc6 Qxc6 24. Qxe5+ Kf8 25. Qh8+ Ke7 26. Qe5+ Qe6 27. Qg5+
f6 28. Qxg6 hxg4 29. Rad1 Bc6 30. Rd4 Rh8 31. Rfd1 Rag8 32. Qd3 Kf7 33. Qa3 Kg6
34. Qxa7 g3 35. fxg3 Qxe3+ 36. Kf1 Rxh2 0-1

[Event "26th Abu Dhabi Masters"]
[Site "Abu Dhabi UAE"]
[Date "2019.08.07"]
[Round "6.19"]
[White "Krishna, C R G"]
[Black "Akopian, Vladimir"]
[Result "1-0"]
[WhiteTitle "IM"]
[BlackTitle "GM"]
[WhiteElo "2444"]
[BlackElo "2650"]
[WhiteFideId "5018625"]
[BlackFideId "13300032"]
[EventDate "2019.08.02"]

1. d4 Nf6 2. c4 c5 3. d5 e6 4. Nc3 exd5 5. cxd5 d6 6. e4 g6 7. h3 Bg7 8. Nf3 O-O
9. Bd3 a6 10. a4 Nh5 11. Bg5 Bf6 12. Bh6 Re8 13. O-O Nd7 14. Re1 Rb8 15. Qd2 Ne5
16. Be2 Nxf3+ 17. Bxf3 Ng7 18. Rab1 b5 19. axb5 axb5 20. b4 c4 21. Ra1 Be5 22.
Ra3 f5 23. Bf4 Bxf4 24. Qxf4 g5 25. Qd2 g4 26. hxg4 fxg4 27. Bd1 g3 28. Ra7 Re7
29. Rxe7 Qxe7 30. fxg3 Bd7 31. e5 dxe5 32. d6 Qe6 33. Ne4 Bc6 34. Nc5 c3 35. Qd3
Qg6 36. Bb3+ Kh8 37. Qxc3 Qxd6 38. Rxe5 Qf6 39. Nd3 Ra8 40. Qb2 Rf8 41. Nf4 Re8
42. Rxe8+ Nxe8 43. Qf2 Qa1+ 44. Kh2 Nf6 45. Qc5 Ng4+ 46. Kh3 Qg7 47. Nh5 Bxg2+
48. Kxg2 1-0

[Event "26th Abu Dhabi Masters"]
[Site "Abu Dhabi UAE"]
[Date "2019.08.07"]
[Round "6.20"]
[White "Ter-Sahakyan, Samvel"]
[Black "Aditya, Mittal"]
[Result "1-0"]
[WhiteTitle "GM"]
[BlackTitle "IM"]
[WhiteElo "2632"]
[BlackElo "2429"]
[WhiteFideId "13302531"]
[BlackFideId "35042025"]
[EventDate "2019.08.02"]

1. e4 c5 2. Nf3 d6 3. d4 cxd4 4. Nxd4 Nf6 5. Nc3 a6 6. Be3 e5 7. Nb3 Be7 8. f3
Be6 9. Qd2 O-O 10. O-O-O Nbd7 11. g4 b5 12. g5 b4 13. Na4 Nh5 14. Qxb4 d5 15.
Qa5 Bxg5 16. Bxg5 Qxg5+ 17. Kb1 dxe4 18. Nd4 Qf6 19. Nxe6 Qxe6 20. fxe4 Ndf6 21.
Bd3 Nf4 22. Qb6 Qe7 23. Qc5 Qxc5 24. Nxc5 Rfc8 25. Nb7 Rab8 26. Bxa6 Nxe4 27.
Rhe1 Nc5 28. Nxc5 Rxc5 29. c4 Ne6 30. Rd5 f6 31. Rxc5 Nxc5 32. Bb5 Kf7 33. Kc2
Ne6 34. a4 g5 35. Kc3 Nd4 36. b4 g4 37. c5 h5 38. Bc4+ Ke7 39. Bd5 h4 40. a5 Rd8
41. Bg2 Nb5+ 42. Kc4 Na3+ 43. Kb3 Rd3+ 44. Ka4 Nc2 45. Rc1 Nd4 46. a6 Rd2 47.
Bd5 Ne6 48. Bxe6 Kxe6 49. c6 Rd8 50. c7 Rc8 51. b5 g3 52. hxg3 hxg3 53. b6 g2
54. Rg1 Rg8 55. b7 Rg4+ 56. Kb5 Kd5 1-0

[Event "26th Abu Dhabi Masters"]
[Site "Abu Dhabi UAE"]
[Date "2019.08.07"]
[Round "6.32"]
[White "Pranav, Anand"]
[Black "Shevchenko, Kirill"]
[Result "0-1"]
[WhiteTitle "FM"]
[BlackTitle "GM"]
[WhiteElo "2347"]
[BlackElo "2556"]
[WhiteFideId "46626786"]
[BlackFideId "14129574"]
[EventDate "2019.08.02"]

1. d4 Nf6 2. c4 e6 3. Nc3 Bb4 4. f3 c5 5. d5 d6 6. e4 O-O 7. Ne2 a6 8. Ng3 b5 9.
Be3 Re8 10. Be2 exd5 11. cxd5 Nbd7 12. a3 Ba5 13. O-O c4 14. Nf5 Nb6 15. Ng3
Nbd7 16. Nf5 Bb6 17. Nd4 Nc5 18. Qd2 Nfd7 19. a4 b4 20. Nd1 Ne5 21. Nf2 a5 22.
f4 Ned3 23. Bxd3 cxd3 24. Nc6 Qc7 25. Bxc5 Bxc5 26. Kh1 Bxf2 27. Rxf2 Rxe4 28.
f5 Qb6 29. f6 Qe3 30. Rc1 gxf6 31. Nxa5 Qxd2 32. Rxd2 Rxa5 33. Rxc8+ Kg7 34. Kg1
Rxd5 35. a5 Rf5 36. h3 Re1+ 37. Kh2 Rd5 38. a6 Ra1 39. Rc4 Rxa6 40. Rxb4 f5 41.
Rb3 Kf6 42. Rbxd3 Rxd3 43. Rxd3 Ke5 44. Re3+ Kf4 45. Re7 d5 46. Rxf7 d4 47. Rxh7
Rd6 48. Re7 d3 49. Re1 d2 50. Rd1 Ke3 51. Kg3 Rg6+ 52. Kh2 Ke2 0-1

[Event "26th Abu Dhabi Masters"]
[Site "Abu Dhabi UAE"]
[Date "2019.08.07"]
[Round "6.40"]
[White "Akash Pc, Iyer"]
[Black "Tashkhodzhaev, Akram"]
[Result "1-0"]
[WhiteTitle "IM"]
[WhiteElo "2443"]
[BlackElo "2123"]
[WhiteFideId "5006775"]
[BlackFideId "14200406"]
[EventDate "2019.08.02"]

1. d4 Nf6 2. Nf3 c5 3. d5 g6 4. Nc3 Bg7 5. e4 d6 6. Bb5+ Bd7 7. a4 O-O 8. O-O
Bg4 9. Re1 a6 10. Bf1 b6 11. h3 Bxf3 12. Qxf3 Nbd7 13. Qd1 Ne8 14. Bg5 Nc7 15.
Qd2 Re8 16. Rab1 Qc8 17. Bh6 Bf6 18. b4 cxb4 19. Rxb4 Rb8 20. Ne2 b5 21. Nd4
bxa4 22. Rxa4 Nb5 23. Rc4 Qb7 24. Nc6 Ne5 25. Nxe5 Bxe5 26. f4 Bg7 27. Bxg7 Kxg7
28. e5 Rec8 29. exd6 exd6 30. Rce4 Nc3 31. Qd4+ Kg8 32. Re7 Qxd5 33. Qf6 Qc5+
34. Kh2 Rf8 35. Qh4 a5 36. Bd3 Qd4 37. Qg5 Kg7 38. f5 Qf6 39. Qg3 Kg8 40. fxg6
hxg6 41. Bxg6 fxg6 42. R1e6 Qf4 43. Rxg6+ Kh8 44. Rg8+ 1-0

[Event "26th Abu Dhabi Masters"]
[Site "Abu Dhabi UAE"]
[Date "2019.08.07"]
[Round "6.56"]
[White "Bhambure, Shantanu"]
[Black "Vatsal, Singhania"]
[Result "1/2-1/2"]
[BlackTitle "FM"]
[WhiteElo "2288"]
[BlackElo "2087"]
[WhiteFideId "5025931"]
[BlackFideId "25033972"]
[EventDate "2019.08.02"]

1. d4 d5 2. c4 e6 3. Nc3 Bb4 4. cxd5 exd5 5. Bf4 Nf6 6. e3 O-O 7. Bd3 c5 8. dxc5
Nc6 9. Ne2 Bxc5 10. O-O Be6 11. Rc1 a6 12. Bb1 d4 13. Ne4 Nxe4 14. Bxe4 Bb6 15.
Bxc6 bxc6 16. exd4 Qd5 17. b3 Rfe8 18. Be3 Bg4 19. Nf4 Qd7 20. Qd2 Rad8 21. h3
Bf5 22. Rfd1 Re4 23. d5 Bxe3 24. fxe3 cxd5 25. Qxd5 g6 26. Qxd7 Rxd7 27. Rxd7
Bxd7 28. Rc7 Bf5 29. g4 Be6 30. Kf2 Re5 31. Kf3 Bd5+ 32. Nxd5 Rxd5 33. Rc6 a5
34. Ra6 h5 35. a4 hxg4+ 36. hxg4 Kg7 37. Rb6 Rd2 38. Rb5 Rb2 39. g5 Rb1 40. Ke4
f5+ 41. Ke5 Re1 42. Rb7+ Kf8 43. Kf6 Rxe3 44. Kxg6 f4 45. Kf6 f3 46. g6 Re8 47.
Rf7+ Kg8 48. Rg7+ Kf8 49. Rf7+ Kg8 50. Rg7+ Kf8 51. Rh7 Kg8 52. Rh1 Rf8+ 53. Kg5
f2 54. Rf1 Rf3 55. Kg4 Rxb3 56. Rxf2 Rb4+ 57. Kg5 Rxa4 58. Rc2 Ra1 59. Kf6 Rf1+ 1/2-1/2

[Event "26th Abu Dhabi Masters"]
[Site "Abu Dhabi UAE"]
[Date "2019.08.08"]
[Round "7.9"]
[White "Santos Latasa, Jaime"]
[Black "Kryvoruchko, Yuriy"]
[Result "1/2-1/2"]
[WhiteTitle "GM"]
[BlackTitle "GM"]
[WhiteElo "2586"]
[BlackElo "2686"]
[WhiteFideId "2293307"]
[BlackFideId "14109182"]
[EventDate "2019.08.02"]

1. d4 Nf6 2. c4 e6 3. Nc3 Bb4 4. Qc2 O-O 5. e4 d5 6. e5 Ne4 7. Bd3 c5 8. Ne2
cxd4 9. Nxd4 Nd7 10. Bf4 Qh4 11. g3 Qh5 12. O-O Bxc3 13. bxc3 g5 14. Be2 Qh3 15.
Bc1 Nxe5 16. cxd5 exd5 17. f3 Nxg3 18. hxg3 Qxg3+ 19. Kh1 Qh4+ 20. Kg1 Qg3+ 21.
Kh1 Qh3+ 1/2-1/2

[Event "26th Abu Dhabi Masters"]
[Site "Abu Dhabi UAE"]
[Date "2019.08.08"]
[Round "7.28"]
[White "Kiriakov, Petr"]
[Black "Nitish, Belurkar"]
[Result "1/2-1/2"]
[WhiteTitle "GM"]
[BlackTitle "FM"]
[WhiteElo "2514"]
[BlackElo "2271"]
[WhiteFideId "4119231"]
[BlackFideId "5084768"]
[EventDate "2019.08.02"]

1. d4 Nf6 2. c4 e6 3. Nc3 Bb4 4. Bg5 h6 5. Bh4 O-O 6. e3 d6 7. Bd3 Nbd7 8. Ne2
b6 9. O-O Bb7 10. f3 d5 11. cxd5 exd5 12. Rc1 Be7 13. Kh1 c5 14. Bb1 Re8 15. Bf2
Rc8 16. Ng3 Bf8 17. Re1 a6 18. a3 g6 19. e4 cxd4 20. Bxd4 dxe4 21. Ncxe4 Nxe4
22. Bxe4 Bxe4 23. Rxc8 Qxc8 24. Nxe4 Re6 25. Bc3 Qc6 26. Qd4 f5 27. Qh8+ Kf7 28.
Qh7+ Ke8 29. Nf6+ Kd8 30. Rxe6 Qxe6 31. Qh8 Kc7 32. Nxd7 Qxd7 33. Be5+ Bd6 34.
h3 1/2-1/2

[Event "26th Abu Dhabi Masters"]
[Site "Abu Dhabi UAE"]
[Date "2019.08.08"]
[Round "7.30"]
[White "Sindarov, Javokhir"]
[Black "Viani, Antonio Dcunha"]
[Result "1-0"]
[WhiteTitle "GM"]
[BlackTitle "IM"]
[WhiteElo "2507"]
[BlackElo "2371"]
[WhiteFideId "14205483"]
[BlackFideId "5027330"]
[EventDate "2019.08.02"]

1. e4 e5 2. Nf3 Nc6 3. Bb5 a6 4. Ba4 Nf6 5. O-O Bc5 6. c3 b5 7. Bb3 d6 8. a4 Bg4
9. h3 Bh5 10. d3 h6 11. Re1 O-O 12. Nbd2 b4 13. a5 Rb8 14. Bc4 Qc8 15. Nf1 bxc3
16. bxc3 Ne7 17. Ng3 Bg6 18. Qe2 Ra8 19. Bd2 Nc6 20. Kh1 Kh7 21. Rf1 Qd7 22. Bb3
Qc8 23. Bc1 Nd8 24. Nh4 Ne6 25. f4 exf4 26. Bxf4 Rb8 1-0

[Event "26th Abu Dhabi Masters"]
[Site "Abu Dhabi UAE"]
[Date "2019.08.08"]
[Round "7.40"]
[White "Laxman, R.R."]
[Black "Tarini, Goyal"]
[Result "1-0"]
[WhiteTitle "GM"]
[BlackTitle "WFM"]
[WhiteElo "2426"]
[BlackElo "2038"]
[WhiteFideId "5005361"]
[BlackFideId "5082749"]
[EventDate "2019.08.02"]

1. d4 Nf6 2. Nf3 d5 3. c4 e6 4. g3 dxc4 5. Bg2 Nc6 6. Qa4 Bb4+ 7. Bd2 Nd5 8.
Bxb4 Nxb4 9. O-O Bd7 10. Ne5 a5 11. Nxd7 Qxd7 12. Nc3 O-O 13. a3 Nd5 14. Qxc4
Nce7 15. Ne4 c6 16. Nc5 Qc7 17. Rfd1 Rfd8 18. Rac1 Qb6 19. b3 Rac8 20. Bf1 Qa7
21. e3 g6 22. b4 axb4 23. axb4 Nf5 24. Qb3 Nd6 25. Ra1 Qb8 26. Rdc1 Nc7 27. Qb2
Ncb5 28. Qb3 Qc7 29. h4 Qe7 30. Qa2 h5 31. Bd3 Kg7 32. Qb2 Qf6 33. Kg2 Kg8 34.
Rc2 Qg7 35. Rac1 Ra8 36. Nb3 Ra4 37. Na5 Ra8 38. Rd2 Qf8 39. e4 Nc8 40. Rb1 Qe7
41. d5 exd5 42. exd5 Ncd6 43. Re2 Qc7 44. dxc6 bxc6 45. Rbe1 Qb6 46. Bxg6 fxg6
47. Qb3+ Kh8 48. Qxa4 Nc3 49. Qc2 Nxe2 50. Rxe2 Nf5 51. Qc3+ Kh7 52. Qf6 Qxb4
53. Nxc6 Qb7 54. Re6 Rg8 55. Kh2 Qg7 56. Qg5 Qh6 57. Ne5 Qxg5 58. hxg5 Rg7 59.
f4 Ne3 60. Kh3 Ng4 61. Nxg4 hxg4+ 62. Kxg4 Ra7 63. Kf3 Kg7 64. g4 Ra5 65. Re7+
Kf8 66. Rd7 Ra1 67. Rd4 Rg1 68. Ra4 Kg7 69. Ke4 Rxg4 70. Ke5 Rh4 71. Ra7+ Kg8
72. Rd7 Rg4 73. Rb7 Rh4 74. Rc7 Rg4 75. Rd7 Rh4 76. Kf6 Rg4 1-0

[Event "26th Abu Dhabi Masters"]
[Site "Abu Dhabi UAE"]
[Date "2019.08.08"]
[Round "7.43"]
[White "Eynullayev, Altay"]
[Black "Mendonca, Leon Luke"]
[Result "1/2-1/2"]
[WhiteTitle "FM"]
[BlackTitle "IM"]
[WhiteElo "2204"]
[BlackElo "2401"]
[WhiteFideId "13413562"]
[BlackFideId "35028561"]
[EventDate "2019.08.02"]

1. d4 Nf6 2. c4 e6 3. g3 Bb4+ 4. Nd2 O-O 5. Bg2 d5 6. Nf3 b6 7. cxd5 exd5 8. O-O
Bb7 9. Qb3 Bd6 10. Nb1 Re8 11. Nc3 c6 12. Bf4 Bxf4 13. gxf4 Na6 14. e3 Qe7 15.
Rfd1 c5 16. Qa4 Nc7 17. dxc5 bxc5 18. Ne5 Reb8 19. Qa3 d4 1/2-1/2

[Event "26th Abu Dhabi Masters"]
[Site "Abu Dhabi UAE"]
[Date "2019.08.08"]
[Round "7.49"]
[White "Mullick, Raahil"]
[Black "Asaka, Samuel"]
[Result "1-0"]
[WhiteTitle "CM"]
[WhiteElo "2355"]
[BlackElo "2201"]
[WhiteFideId "35080350"]
[BlackFideId "3228690"]
[EventDate "2019.08.02"]

1. e4 c6 2. d4 d5 3. e5 Bf5 4. Nc3 e6 5. g4 Bg6 6. Nge2 c5 7. h4 h5 8. Nf4 Bh7
9. Nxh5 Nc6 10. Bb5 cxd4 11. Qxd4 Ne7 12. Bg5 a6 13. Bxc6+ Nxc6 14. Qd2 Qc7 15.
O-O d4 16. Ne2 d3 17. cxd3 Nxe5 18. f3 Nxd3 19. Kg2 Bb4 20. Qe3 Bc5 21. Nxg7+
Kf8 22. Nd4 Bxd4 23. Qxd4 e5 24. Bh6 Qc2+ 25. Rf2 Qxf2+ 26. Qxf2 Nxf2 27. Nh5+
Ke7 28. Kxf2 Rhc8 29. Re1 Rc2+ 30. Kg3 Rxb2 31. Rxe5+ Kd7 32. Nf6+ Kd6 33. Bf4
Rb5 1-0